Geometry dash famous demons September 2017 - Statistics

General Stats
  • This quiz has been taken 15 times
  • The average score is 32 of 60
Answer Stats
Hint Answer % Correct
Riot & more Bloodbath
100%
Zobros Nine Circles
100%
Ggboy Cataclysm
91%
Timeless The Lightning Road
91%
GW Jax The Nightmare
91%
Trusta & more Yatagarasu
91%
Rek3dge Decode
82%
Trusta & Noobas Sakupen Hell
82%
ZenthicAlpha & more Supersonic
82%
TriAxis X
82%
Caustic Death Moon
73%
Rustam & ToshDeluxe Devil Vortex
73%
Roadbose Ice Carbon Diablo X
73%
Dhafin Problematic
73%
Zobros & Etzer 8o
64%
Krazyman50 Black Blizzard
64%
Rustam, IreLL, & Boldstep Erebus
64%
TrueNature Laser Room
64%
Krazyman50 & more Phobos
64%
Cyclic & Sunix Sonic Wave
64%
ZenthicAlpha & more Ultrasonic
64%
Darwin & Noctafly Zaphkiel
64%
ViPriN & more Artificial Ascent
55%
Manix648, Lazerblitz, & RicoLP Blade of Justice
55%
M2Col Demon Park
55%
ViPriN & More Digital Descent
55%
ViPriN & more Hypersonic
55%
Chase97 Sidestep
55%
Nox Stalemate
55%
ViPriN & more Subsonic
55%
Woogii1441 Windy Landscape
55%
IlNeptunelI Xstep V2
55%
TheRealDarnoc Ystep
55%
Mask463 Crescendo
45%
Nacho21 Duelo Maestro
45%
Michigun Forest Temple
45%
Tama_N Motion
45%
IlNeptunelI Necropolis
45%
Woogii1441 Retention
45%
EVW & more Subterranean Animism
45%
Team N2 The Hell Factory
45%
Noobas Theory of Skrillex
45%
Andromeda & more The Ultimate Phase
45%
IlExenitylI, Gaero, Herzillo, Aurorus Athanatos
36%
Krazyman50 Falling Up
36%
Serponge Mastergame
36%
T0ngii Mechanical Showdown
36%
ZenthicAlpha Speed Racer
36%
Jeyzor Ditched Machine
27%
Serponge HeLL
27%
Mazl & more Photovoltaic
27%
Terron Reanimation
27%
Sohn092 & more The Hell Zone
27%
Schady, Fury0313, Ferdefunky, Nyucat Vibration
27%
Zobros Acropolis
18%
Andromeda & Thawe The Robotic Rush
18%
Ferdefunky Traction
18%
Team N2 A Bizzare Phantasm
9%
Serponge Gold Temple
9%
SrGuillester & more Cosmic Calamity
0%
No matching quizzes found
Score Distribution
Percent of People with Each Score
Percentile by Number Answered
Your Score History
You have not taken this quiz